| 000 | 01603nam a2200349 4500 | ||
|---|---|---|---|
| 003 | EC-UNACH | ||
| 005 | 20250422155201.0 | ||
| 006 | s||||gr|||| 00| 00 | ||
| 008 | 150116t9999 mx r gr 000 0 spa d | ||
| 020 | _a978-9942-661-47-0 | ||
| 040 |
_aEC-UNACH _cEC-UNACH |
||
| 041 | _aspa | ||
| 082 | 0 | 4 |
_223 _a370 _bL017695 |
| 100 | _aTuaza Castro, Luis Alberto | ||
| 245 | _aLa internacionalización de la educación superior en la Universidad Nacional de Chimborazo | ||
| 250 | _aPrimera Educación | ||
| 264 |
_aRiobamba - Ecuador _bEditorial UNACH _c2024 |
||
| 264 | _aProducción UNACH | ||
| 300 |
_a142 páginas _bTablas |
||
| 501 | _aIncluye índice | ||
| 505 | _aCapítulo I. La internacionalización de la educación superior en América Latina y en el Ecuador -- Capítulo II. Experiencias de internacionalización de la educación superior en la Universidad Nacional de Chimborazo (Unach) en el periodo 2015-2022 -- Capítulo III. Desafíos de la internacionalización en la Unach -- Capítulo IV. Visita de los estudiantes indígenas de la Unach a Carolina del Norte, Estados Unidos | ||
| 650 | _aRESOLUCIÓN DE LOS CONFLICTOS | ||
| 650 | _aAMÉRICA LATINA | ||
| 650 | _aSISTEMA DE EDUCACIÓN | ||
| 650 | _aINVESTIGACIÓN | ||
| 650 | _aVINCULACIÓN | ||
| 856 |
_uhttps://doi.org/10.37135/u.editorial.05.141 _yLibro Digital - La internacionalización de la educación superior en la Universidad Nacional de Chimborazo |
||
| 942 |
_2ddc _cEBOOK |
||
| 999 | _c13541 | ||